How they work Harrier Jump Jet : (Record no. 104698)
[ view plain ]
| 000 -LEADER | |
|---|---|
| fixed length control field | 00405nam a2200145 a 4500 |
| 005 - DATE AND TIME OF LATEST TRANSACTION | |
| control field | 20140412111327.0 |
| 008 - FIXED-LENGTH DATA ELEMENTS--GENERAL INFORMATION | |
| fixed length control field | 110128s19uu xx 00 eng d |
| 020 ## - INTERNATIONAL STANDARD BOOK NUMBER | |
| International Standard Book Number | 0-792-45140-6 |
| 050 ## - LIBRARY OF CONGRESS CALL NUMBER | |
| Classification number | M 629.13 |
| Item number | V264 1989 |
| 100 ## - MAIN ENTRY--PERSONAL NAME | |
| Personal name | Vann, Frank |
| 245 ## - TITLE STATEMENT | |
| Title | How they work Harrier Jump Jet : |
| Remainder of title | Harrier Jump Jet / |
| Statement of responsibility, etc | Frank Vann. |
| 260 ## - PUBLICATION, DISTRIBUTION, ETC. (IMPRINT) | |
| Place of publication, distribution, etc | Italy : |
| Name of publisher, distributor, etc | Mallard press, |
| Date of publication, distribution, etc | 1989. |
| 300 ## - PHYSICAL DESCRIPTION | |
| Extent | 46p. |
| Withdrawn status | Lost status | Damaged status | Home library | Current library | Shelving location | Date acquired | Source of acquisition | Total Checkouts | Full call number | Barcode | Date last seen | Price effective from | Koha item type |
|---|---|---|---|---|---|---|---|---|---|---|---|---|---|
| Elizalde Library | Elizalde Library | Main Section | 01/28/2011 | M 629.13 V264 1989 | E8475 | 04/12/2014 | 04/12/2014 | Books |